Concepts of modern physics / (Record no. 747)

MARC details
000 -LEADER
fixed length control field 00572nam a22002177a 4500
005 - DATE AND TIME OF LATEST TRANSACTION
control field 20250420134823.0
008 - FIXED-LENGTH DATA ELEMENTS--GENERAL INFORMATION
fixed length control field 211114b ||||| |||| 00| 0 eng d
020 ## - INTERNATIONAL STANDARD BOOK NUMBER
International Standard Book Number 9789351341857
040 ## - CATALOGING SOURCE
Transcribing agency KCST
082 ## - DEWEY DECIMAL CLASSIFICATION NUMBER
Classification number 530
Item number Be Co
100 ## - MAIN ENTRY--PERSONAL NAME
Personal name Beiser, Arthur
9 (RLIN) 1110
245 ## - TITLE STATEMENT
Title Concepts of modern physics /
Remainder of title Arthur Beiser; Sobhit Mahajan; S Rai Choudhury;
250 ## - EDITION STATEMENT
Edition statement 7
260 ## - PUBLICATION, DISTRIBUTION, ETC.
Place of publication, distribution, etc. Chennai:
Name of publisher, distributor, etc. Mc-Graw-Hill;
Date of publication, distribution, etc. 2015.
300 ## - PHYSICAL DESCRIPTION
Extent p.
650 ## - SUBJECT ADDED ENTRY--TOPICAL TERM
Topical term or geographic name entry element Physics.
9 (RLIN) 3
700 ## - ADDED ENTRY--PERSONAL NAME
Personal name Mahajan, Sobhit
9 (RLIN) 5519
700 ## - ADDED ENTRY--PERSONAL NAME
Personal name Choudhury, S Rai
9 (RLIN) 5520
942 ## - ADDED ENTRY ELEMENTS (KOHA)
Koha item type Book
942 ## - ADDED ENTRY ELEMENTS (KOHA)
Source of classification or shelving scheme Dewey Decimal Classification
Holdings
Withdrawn status Lost status Source of classification or shelving scheme Damaged status Not for loan Home library Current library Date acquired Cost, normal purchase price Total checkouts Full call number Barcode Date last seen Cost, replacement price Price effective from Koha item type
    Dewey Decimal Classification     KCST Library KCST Library 14/11/2021 11.74   530 Be Co 1000000915 14/11/2021 11.74 14/11/2021 Book
© 2025 KCST. All rights reserved